000
00259nam a22001097a 4500
008
140207t xxu||||| |||| 00| 0 eng d
020
_a
1-56639-620-4
100
_a
Frank Bonilla
_9
674
245
_a
Borderless Borders
300
_a
xiii, 290 p. :
942
_2
ddc
_c
BK
999
_c
16933
_d
16933